| 000 | 00592nam a22002177a 4500 | ||
|---|---|---|---|
| 999 |
_c6377 _d6377 |
||
| 003 | OSt | ||
| 005 | 20191108152442.0 | ||
| 008 | 191108b ||||| |||| 00| 0 eng d | ||
| 020 | _a075063863X | ||
| 040 | _cDDC | ||
| 082 | _a658.1 WEA 1998 | ||
| 100 |
_aWeaver, Margaret _913043 |
||
| 245 | _aResources Management | ||
| 260 |
_aOxford; _bButterworth, _c1998 |
||
| 300 |
_axiv,221p; _bIll: _c25cm |
||
| 440 |
_aTeam Leader Development series _913046 |
||
| 504 | _aReferences, & index included | ||
| 650 |
_aResource management _913048 |
||
| 650 |
_aTeam leader _913050 |
||
| 942 |
_2z _cO_SHELF |
||